Rat development AL tissue expression profiles / (Record no. 234523)
[ view plain ]
| 000 -LEADER | |
|---|---|
| fixed length control field | 00549nam a22001697a 4500 |
| 003 - CONTROL NUMBER IDENTIFIER | |
| control field | OSt |
| 005 - DATE AND TIME OF LATEST TRANSACTION | |
| control field | 20250624144625.0 |
| 008 - FIXED-LENGTH DATA ELEMENTS--GENERAL INFORMATION | |
| fixed length control field | 250624b |||||||| |||| 00| 0 eng d |
| 040 ## - CATALOGING SOURCE | |
| Transcribing agency | AIMIT LIBRARY |
| 100 ## - MAIN ENTRY--PERSONAL NAME | |
| Personal name | Sheik, Samiha. |
| Relator term | 221810 |
| 9 (RLIN) | 215918 |
| 245 ## - TITLE STATEMENT | |
| Title | Rat development AL tissue expression profiles / |
| Statement of responsibility, etc. | By Samiha Sheik. |
| 260 ## - PUBLICATION, DISTRIBUTION, ETC. | |
| Place of publication, distribution, etc. | Mangalore. |
| Date of publication, distribution, etc. | 2024 |
| 700 ## - ADDED ENTRY--PERSONAL NAME | |
| Personal name | V, Hemalatha. |
| Relator term | Mentor |
| 9 (RLIN) | 215919 |
| 700 ## - ADDED ENTRY--PERSONAL NAME | |
| Personal name | Acharya, Kshitish |
| Relator term | Guide |
| 9 (RLIN) | 215920 |
| 856 ## - ELECTRONIC LOCATION AND ACCESS | |
| Materials specified | Shodhaka Life Science Pvt Ltd, Bengaluru |
| Uniform Resource Identifier | <a href="http://www.shodhaka.net">http://www.shodhaka.net</a> |
| 942 ## - ADDED ENTRY ELEMENTS (KOHA) | |
| Source of classification or shelving scheme | Dewey Decimal Classification |
| Koha item type | Project Report |
| Withdrawn status | Lost status | Source of classification or shelving scheme | Damaged status | Not for loan | Collection code | Home library | Current library | Date acquired | Total Checkouts | Barcode | Date last seen | Copy number | Uniform Resource Identifier | Price effective from | Koha item type |
|---|---|---|---|---|---|---|---|---|---|---|---|---|---|---|---|
| Dewey Decimal Classification | Not for loan | MSc Bioinformatics | St Aloysius Institute of Management & Information Technology | St Aloysius Institute of Management & Information Technology | 08/02/2024 | PBI00166 | 06/24/2025 | 221810 | http://www.shodhaka.net | 06/24/2025 | Project Report |